000 00716nam a2200193 a 4500
003 0
005 20250219104118.0
008 110622s19uu xx 00 eng d
050 _aPHS SB 317.5
_b.P97 2011
100 _aPuracan, Claudine Angielu T.
245 _aThe effectiveness of foliar fertilizer on Oryza sativa /
_cClaudine Angielu T. Puracan.
260 _aLas PiƱas City, Philippines :
_bSouthville International School and Colleges,
_c2011.
300 _a23 pages :
_billustrations ;
_c28 cm.
504 _aIncludes bibliographical references.
650 _aFertilizers
_xOryza sativa.
650 _aCrops
_xFoliar application of fertilizers.
650 _aFertilizers
_xEffectiveness.
942 _2lcc
_cPASS
999 _c98587
_d98587